Tratado de derecho mercantil (Record no. 110736)

MARC details
000 -LEADER
campo de control de longitud fija 01213nam a2200277 i 4500
001 - NÚMERO DE CONTROL
campo de control 110736
003 - IDENTIFICADOR DE NÚMERO DE CONTROL
campo de control ES-MaACL
005 - FECHA Y HORA DE LA ÚLTIMA TRANSACCIÓN
campo de control 20230906185140.0
007 - CAMPO FIJO DE DESCRIPCIÓN FÍSICA--INFORMACIÓN GENERAL
campo de control de longitud fija t|
008 - DATOS DE LONGITUD FIJA--INFORMACIÓN GENERAL
campo de control de longitud fija 070124m19321936sp ||||1| spa d
080 ## - NÚMERO DE LA CLASIFICACIÓN DECIMAL UNIVERSAL
Número de la Clasificación Decimal Universal 347.7.(45)(075.8)
100 1# - ENTRADA PRINCIPAL--NOMBRE DE PERSONA
Nombre de persona Vivante, Cesare.
9 (RLIN) 115548
245 10 - MENCIÓN DEL TÍTULO
Título Tratado de derecho mercantil
Resto del título : versión española de la quinta edición italiana corregida, aumentada y reimpresa /
Mención de responsabilidad, etc. César Vivante.
250 ## - MENCION DE EDICION
Mención de edición 1ª ed.
260 ## - PUBLICACIÓN, DISTRIBUCIÓN, ETC.
Lugar de publicación, distribución, etc. Madrid :
Nombre del editor, distribuidor, etc. Hijos de Reus,
Fecha de publicación, distribución, etc. 1932-<1936>
300 ## - DESCRIPCIÓN FÍSICA
Extensión v. 1,2,3 ;
Dimensiones 23 cm.
490 1# - MENCIÓN DE SERIE
Mención de serie Biblioteca jurídica de autores españoles y extranjeros ;
Designación de volumen o secuencia 162-164
505 8# - NOTA DE CONTENIDO CON FORMATO
Nota de contenido con formato Contiene: v. 1. El comerciante/ traducido por César Silió Belena.(E-3134).-- v. 2. Las sociedades mercantiles/traducido por Ricardo Espejo de Hinojosa.(E-3135).-- Las cosas.../traducido por Miguel Cabeza y Anido.(E-3136)
650 ## - PUNTO DE ACCESO ADICIONAL DE MATERIA--TÉRMINO DE MATERIA
Término de materia o nombre geográfico como elemento de entrada Derecho mercantil-
Subdivisión geográfica Italia.
9 (RLIN) 11740
700 0# - ENTRADA AGREGADA--NOMBRE PERSONAL
Nombre de persona Silio Beleña, César.
9 (RLIN) 106346
700 1# - ENTRADA AGREGADA--NOMBRE PERSONAL
Nombre de persona Espejo de Hinojosa, Ricardo.
9 (RLIN) 47799
700 1# - ENTRADA AGREGADA--NOMBRE PERSONAL
Nombre de persona Cabeza y Anido, Miguel.
9 (RLIN) 33194
830 0# - PUNTO DE ACCESO ADICIONAL DE SERIE-TÍTULO UNIFORME
Título uniforme Biblioteca jurídica de autores españoles y extranjeros ;
Designación de volumen o secuencia 162-164
9 (RLIN) 182228
852 ## - LOCALIZACIÓN
Ubicación ES-MaACL
Número de control de estantería E-3134-36
Holdings
Estatus retirado Estado de pérdida Estado de daño No para préstamo Biblioteca de origen Biblioteca actual Ubicación en estantería Fecha de adquisición Fuente de adquisición Total de préstamos Signatura topográfica completa Código de barras Visto por última vez Precio de reemplazo Tipo de ítem Koha
        Biblioteca del Ateneo de Madrid Biblioteca del Ateneo de Madrid Depósito 2 17/01/2008     E-3134-36 1115535 23/02/2023 23/02/2023 Libro impreso